000 00688nam a2200229Ia 4500
001 17037
003 GE_BSU
008 181216s||||||||xx |||||||||||||| ||und||
040 _cGE_BSU
080 _a821.161.1-32
100 _aლვოვი, ს.
245 _aიხსენით ჩვენი სულები!
245 _bმოთხრობა
245 _cმთარგმნ. ლ. ფოფხაძე
260 _aთბილისი
260 _bნაკადული
260 _c1964
300 _a203გვ. ; 22სმ
653 _aიხსენით ჩვენი სულები!
653 _aმოთხრობა
942 _cBK
999 _c50099
_d50099